Foods Named After Places - Picture Quiz #2 - Statistics

General Stats
  • This quiz has been taken 95 times
  • The average score is 6 of 15
Answer Stats
Picture Hint Answer % Correct
New Zealand Beef {Wellington}
85%
USA {Buffalo} Wings
84%
USA Baked {Alaska}
83%
South America {Brazil} Nut
72%
USA {California} Roll
54%
Peru {Lima} Beans
54%
USA {Mississippi} Mud Pie
54%
UK {Stilton} Cheese
39%
UK {Cumberland} Sausage
37%
USA Toast {Hawaii}
20%
UK/Ireland {Ulster} Fry
8%
Mexico {Tabasco} Peppers
5%
USA {Adirondack} Blue Potato
2%
UK {Staffordshire} Oatcake
2%
Spain Chorizo de {Pamplona}
1%
No matching quizzes found
Score Distribution
Percent of People with Each Score
Percentile by Number Answered
Your Score History
You have not taken this quiz